000 00645nam a2200253Ia 4500
003 OSt
005 20221005083803.0
006 a|||||r|||| 00| 0
007 ta
008 221004b |||||||| |||| 00| 0 eng d
020 _a8185990204
024 _a20649
037 _cTextual
040 _aCRL
_cCRL
_beng
041 _2eng
_aeng
082 _aY73(P), N4
100 _aFrawley David
245 0 _aMyth of the Aryan invasion of India
260 _aNew Delhi
_bVoice of India India
_c1994
300 _a58 p.
_ccm.
650 _aSOCIOLOGY
942 _hY73(P), N4
_cTEXL
_2cc
999 _c991525
_d991525